000 01025nam a2200229 a 4500
001 56725
003 BD-RjUL
005 20230418123609.0
008 161203s2006 bg ||||| |||| 00| 0 ben d
020 _cTK 77.00
035 _a(BD-RjUL) 56849
040 _aBD-RjUL
_bben
_cBD-RjUL
041 _aben
082 _223
_a297.7095492
_bUDI 2006
100 _aউদ্দিন, মুহাম্মদ জামাল
_9168693
245 1 0 _aইসলামী দাওয়াহ ও তাবলীগ জামায়াত :
_bপ্রেক্ষিত বাংলাদেশ /
_cমুহাম্মদ জামাল উদ্দিন
260 _aঢাকা:
_bইসলামী ফাউন্ডেশন,
_c২০০৬
300 _a৩২০ পৃ. ;
_c২১ সেমি .
650 _aসুরক্ষা এবং ইসলাম প্রচার
_zবাংলাদেশ
_9168694
650 _aprotection and propagation of islam
_zBangladesh
_9168695
942 _2ddc
_cBK
999 _c56725
_d56725